| 000 | 01833nas1a22003611i 4500 | ||
|---|---|---|---|
| 001 | RU\NLR\Per\673326 | ||
| 005 | 20260426063108.0 | ||
| 011 | _a2078035-4 | ||
| 035 | _a(NLR Aleph) 002921849 | ||
| 090 |
_a3632955 _c3632955 |
||
| 100 | _a20100406a20109999|||y0rusy50 ba | ||
| 101 | 0 | _arus | |
| 102 | _aRU | ||
| 110 | _aaf||||||||| | ||
| 200 | 1 |
_aDF _eDebt factor _eДолговой фактор |
|
| 210 |
_aМосква _cДолговой фактор _d2010 - |
||
| 300 | _aРанее выходил в виде газ. | ||
| 421 | 0 |
_12001#$aВестник судебных приставов _tВестник судебных приставов |
|
| 517 | 1 | _aДолговой фактор | |
| 532 | 1 | 2 | _aDebt factor |
| 532 | 1 | 2 | _aDebts & financing |
| 606 |
_aИнвестиции капитала _jПериодические издания _3RU\NLR\AUTH\66985155 _91565228 |
||
| 606 | 1 |
_aДолги _jПериодические издания _9988156 _3RU\NLR\AUTH\66372882 |
|
| 686 | 1 | _aУ9(2)-56(2Р)я54 | |
| 686 | 1 | _aУ26(2)8я54 | |
| 852 |
_aNLR _jП23/7767 |
||
| 942 | _cJOURNAL | ||
| 980 | _aRUSPER | ||